000 01007nmm a2200313 a 4500
001 ocm0002145910
003 TR-IsHL
005 20201028183747.0
008 181218s2013 tu tur
007 cr cn
020 _a9786055175108
035 _a2145910
_b(N$T)
050 0 4 _aPS3610.A25
_bP819 2013
090 0 4 _aPS3610.A25
_bP819 2013
100 1 _aJackson, A. L.
245 1 0 _aTutkun
_h[electronic resource] /
_cA. L. Jackson ; çeviri : Peren Demirel ; editör Dilda Eşiyok
250 _a1. baskı
260 _aİstanbul :
_bAspendos Yayıncılık,
_c2013
300 _a392 p.
500 _aÖzgün adı: Pulled
650 4 _aDil ve Edebiyat
650 4 _aLanguage and Literature
650 0 _aAmerikan romanı
650 0 _aAmerican fiction
650 7 _aLITERARY COLLECTIONS / American / General
_2bisacsh
700 1 _aDemirel, Peren
700 1 _aEşiyok, Dilda
856 4 0 _uhttp://search.ebscohost.com/login.aspx?direct=true&scope=site&db=e011xww&AN=2145910
999 _c20688
_d20688